UM Logo
Normal view MARC view
  • Ko, Bomna.

Entry Personal Name

Number of records used in: 3

001 - CONTROL NUMBER

  • control field: 59908

003 - CONTROL NUMBER IDENTIFIER

  • control field: OSt

005 - DATE AND TIME OF LATEST TRANSACTION

  • control field: 20250827154550.0

008 - FIXED-LENGTH DATA ELEMENTS

  • fixed length control field: 240903|| aca||aabn | a|a d

040 ## - CATALOGING SOURCE

  • Original cataloging agency: OSt
  • Transcribing agency: OSt

100 ## - HEADING--PERSONAL NAME

  • Personal name: Ko, Bomna.
  • Relator term: author.

670 ## - SOURCE DATA FOUND

  • Source citation: Work cat.: (OSt): Kim, Insook. author. 59907, Content knowledge, enacted pedagogical content knowledge, and student performance between teachers with different levels of content expertise / , 2020.